000 00355 a2200145 4500
005 20250621095012.0
020 _a0-02-369810-1
082 _aLM 512.5 LEO
100 _aLEON, S. J.
245 _aLinear Algebra with Applications.
250 _a2nd Ed
260 _aNew York,
_bMacmillan,
_c1980.
300 _axv, 408p.: ill.
_bIndex
_c26cm
942 _2ddc
_cBKS
999 _c975
_d975